000 00718nam a2200253 i 4500
001 C2-0274123
003 PPAK
005 20180728003252.0
008 060917s1983 my a|||| ||||| | may d
040 _aPPAK
_beng
_cPPAK
_erda
082 0 4 _a279
_223
090 0 0 _a279
_bRIS
_dKSA
110 2 _aJabatan Perdana Menteri
245 0 0 _aAl-Risalah Human Knowledge And God
250 _aTahun (9) Siri 28 1403
264 1 _aKuala Lumpur :
_bJabatan Perdana Menteri ,
_c1983
300 _a20 pages :
_billustrations ;
_c16 cm
336 _2rdacontent
_atext
337 _2rdamedia
_aunmediated
338 _2rdacarrier
_avolume
650 1 0 _aIslam
710 2 _aJabatan Perdana Menteri
_eorganizer
942 _ddc
_cB
999 _c81939
_d81939